00753 a2200205 4500010001400000020002300014035001300037037001600050082001200066090001500078100001800093245007000111260004500181270009200226300003000318500002000348942002700368999001500395952013700410 aENG-88723 a8189973037c590.00 aEN-72256 bDBAD / PUB14a330.954 c9218d9218 aPandey, S. N.1 aEconomic history of modern India (1757 to 1947)/cby S. N. Pandey aNew DelhibReadworthy Publicationsc2008 aA-18, Mohan Garden, Near Nawada Metro StaionbNew Delhie110059minfo@readworthypub.com aviii, 222 p.c23 cm. (Hb) aIncludes index adplcENk330.954 / PAN c9051d9051 00102ddc40718NFICaDBADbDBADeDBAD/PUBg590.00l0o330.954 PANpEN-72256r2008-09-15 00:00:00t1u10006v590.00w2008-09-15yEN